<The> Yen-dollar rate have interventions mattered?

Enregistré dans:
Détails bibliographiques
Auteur principal: Ramaswamy, Ramana
Autres auteurs: Samiei, Hossein
Format: Livre
Langue:anglais
Publié: Washington International Monetary Fund 2000
Collection:IMF Working Paper WP/00/95
Sujets:
Tags: Ajouter un tag
Pas de tags, Soyez le premier à ajouter un tag!

MARC

LEADER 00000nam a2200000 4500
001 c124261
005 20221221084009.1
041 0 |a eng 
044 |a US 
245 1 0 |a <The> Yen-dollar rate  |b have interventions mattered?  |c Ramana Ramaswamy and Hossein Samiei 
264 1 |a Washington  |b International Monetary Fund  |c 2000 
300 |a 25 s. 
490 1 |a IMF Working Paper  |v WP/00/95 
830 0 |a IMF Working Paper  |v WP/00/95 
610 2 0 |a kurz výmenný 
610 2 0 |a dolár 
610 2 0 |a jen 
610 2 0 |a intervencie 
610 2 0 |a intervencie devízové 
610 2 0 |a USA 
610 2 0 |a Japonsko 
100 1 |a Ramaswamy, Ramana 
700 1 |a Samiei, Hossein